Sad Cypress /

محفوظ في:
التفاصيل البيبلوغرافية
المؤلف الرئيسي: Christie, Agatha (autor)
التنسيق: كتاب
اللغة:الإنجليزية
منشور في: Londres, Inglaterra : Fontana Books, 1968, c1933
سلاسل:(Fontana Books ; 3/6)
الموضوعات:
الوسوم: إضافة وسم
لا توجد وسوم, كن أول من يضع وسما على هذه التسجيلة!

MARC

LEADER 00000nam^a2200000^a^4500
001 000359687
005 20250521000000.0
009 20260310115403.114
037 |a Acervo ITESO - Biblioteca 
041 |a ING 
082 |a 823.  |b CHR 
100 |a Christie, Agatha  |e (autor) 
240 1 4 |a [Un triste ciprés] 
240 1 1 |a [Hércules Poirot] 
245 1 0 |a Sad Cypress /  |c A. Christie. 
264 4 |a Londres, Inglaterra :  |b Fontana Books,  |c 1968, c1933 
300 |a 191 p. 
336 |a texto  |b txt  |2 rdacontenido 
337 |a sin mediación  |b n  |2 rdamedio 
338 |a volumen  |b nc  |2 rdasoporte 
440 |a (Fontana Books ;  |v 3/6) 
545 0 |a Agatha Christie -Agatha Marie Clarisa Miller- (1891-1976), escritora inglesa nacida en Torquay, autora de una narrativa detectivesca y de misterio ampliamente reconocida. Sus primeras novelas, como Ausente en primavera, las escribió bajo el seudónimo de Mary Westmacott. En 1971 fue condecorada con la Orden del Imperio Británico, en reconocimiento a su amplia labor literaria. Entre sus obras se encuentran El misterioso caso de Styles (1920); El asesinato de Rogelio Ackroyd (1926); Asesinato en el Orient Express (1934); Asesinato en Mesopotamia (1930); Muerte en el Nilo (1937); Cita con la muerte (1938); Diez negritos (1939); La ratonera (1952); Testigo de cargo (1953); y el Telón (1975). Varias de ellas fueron protagonizadas por el detective Hércules Poirot y la sagaz Miss Marple, y llevadas al cine y la televisión. 
649 |a XX 
650 |a Novela Inglesa 
650 |a Literatura Inglesa -  |y Siglo XX 
650 |a Literatura Policíaca y de Misterio -  |z Inglaterra 
650 |a Literatura de Mujeres -  |z Inglaterra 
910 |a Fondo Ignacio Díaz Morales 
920 |a Impresos - Libros 
930 |a Arquitectos Jaliscienses 
940 |a Literatura 
905 |a 114 
901 |a 0500253174  |b IT1  |c JAL  |i D62175  |u 20250521 
902 |a https://opac.biblio.iteso.mx/vufind/Record/000359687